Personnages de Genshin Impact par nom d'aptitudes - Statistiques

Statistiques générales
  • Ce quiz a été pris 106 fois
    27 depuis la dernière actualisation
  • Le résultat moyen est 11 sur 20
Statistiques - réponses
Attaque normale Compétence élémentaire Déchainement élémentaire Personnage % Correct
Escrime de Favonius - Blanche Genèse : Aura solaire Transformation : Reflux Géo Albedo
100%
Archerie revisitée Poupée explosive Pluie de flèches Amber
100%
Légende de la baston Zetsugi anti-démon : Catapultage d'akaushi Roi oni maléfique : Avènement d'Itto Arataki Itto
100%
Phototype à froid Cadrage : Composition gelée Pose : Corroboration complète Charlotte
100%
Pique de baïonnette (modifiée) Tir de suppression rapide à courte portée Anneau de grenades éclatantes Chevreuse
100%
Aisance culinaire Cuisson à basse température Art de la découpe Escoffier
100%
Sollicitation de la soliste Salon solitaire Liesse populaire Furina
100%
Morsure de crête Allez, Virevolturbo ! Un peu de sérieux ! Kachina
100%
École Kamisato - Sveltesse École Kamisato : Fleur de glace École Kamisato : Givre mortel Kamisato Ayaka
100%
Configuration schématique Ingéniosité artistique Dôme peint Kaveh
100%
Style du soleil nocturne Chasse canopéenne : En altitude Louée soit Sa Majesté saurienne suprême Kinich
100%
Ouvre-colis Coup de patte miaou-téorite Art secret : Livraison surprise Kirara
100%
Archerie tengu Tempestrier tengu Soumission : Chemin de lumière Kujou Sara
100%
Flammes tissant la vie Moment nomenclateur Heure des cieux brûlants Mavuika
100%
Réfrigération Squalisurf brise-vagues Requin-pact boum Mualani
100%
Refus direct Tir cristallin de cérémonie Salut du ciel ensoleillé Navia
100%
Stabilité de l'eau Ô larmes, je rembourse Ô marées, je reviens Neuvillette
100%
Croc d'acier Griffe et tonnerre Croc éclair Razor
100%
Forme de l'eau Serment de Kurage Ascension de la néréide Sangonomiya Kokomi
100%
Lame ninja du Shuumatsuban École Yoohoo : Course Fuuin École Yoohoo : Bourrasque du mujina Sayu
100%
Archerie royale des roseaux Rituel ancien : Clameur tonitruante des sables Rituel secret : Percée crépusculaire des ombres Sethos
100%
Arts martiaux style Fudou Poing d'arrêt cardiaque Coup de pied ouragan Shikanoin Heizou
100%
Esprit du vent Esprit du vent : Sujet 6308 Esprit du vent : Isomorphe 75 Type II Sucrose
100%
Archerie divine Sonnet des Vents célestes Ode au Vent Venti
100%
Poing vigoureux du givre Ruée glaciale du croc Morsure lupine de l'or Wriothesley
100%
Cuisine-fu Attaque Gooba Pyrotation Xiangling
100%
Style Guhua Épée Guhua : Pluie battante Épée Guhua : Pluie et arc-en-ciel Xingqiu
100%
Vulpes mangeur de péchés Évocation des yakan : Sakura dévastateur Technique secrète : Incarnation de tenko Yae Miko
100%
Pluie de pierres Dominus Lapidis Chute de météore Zhongli
100%
Réparation toc-tac-toc Inspirateur Refroidisseur hydronique de précision Aino
80%
Épée trempée Assaut brûlant Aurore Diluc
80%
Boum ! Boum ! Bombe rebondissante Fleur bombardier Klee
80%
Danse de shamshir Danse des haftkarsvars Danse d'abzendegi : Ruisseau des rêves lointains Nilou
80%
Acupuncture dorée Diagnostic universel Reviviscence holistique Baizhu
75%
Murmure de l'eau C'est parti pour le show ♪ Miracle brillant ♪ Barbara
75%
Lance d'éclombre (modifiée) Extraction de fragrance Explication de parfum Emilie
75%
Escrime de Garyuu Véhémence divine Coupure de mille feuilles Kaedehara Kazuha
75%
Escrime de Favonius - Servante Armure de cœur Grand ménage Noëlle
75%
Traitement ciblé Hydrothérapie rebondissante Injection sur-saturée Sigewinne
75%
Épée chanceuse Surpassion Merveilleux voyage Bennett
71%
Rafale de plumes fantômes Chasse des rênes spirituelles Assaut de faucheur d'âmes Chasca
67%
Fléau des démons Lame de l'esprit : Givre superposé Lame de l'esprit : Chute d'étoiles Chongyun
67%
Valse des lames (modifiée) Lampe de protection : Canon pacificateur Méticulosité d'Alcazarzaray Dori
67%
Empenne aux crocs acérés Défense intégrale d'Inuzaka Crocs bestiaux : Vers la victoire Gorou
67%
Lance secrète de Wangsheng Chaperon de la renaissance Apaisement divin Hu Tao
67%
Escrime de Favonius Épée de tourbillon Brise de pissenlit Jean
67%
Lame volante Anneau de consécration Rituel des semoirs de Narukami Kuki Shinobu
67%
Épée de radiance Nuits de solennité Rêve berçant les étoiles Layla
67%
Khanda anti-barrière Mine de vijnana-phala Flèche de liane artificielle Tighnari
67%
Danse du feu Jeu fervent Riff rebelle Xinyan
67%
Sagette furtive Ligne vitale persistante Dé exquis des profondeurs Yelan
67%
Escrime des nuages Retour des étoiles Promenade céleste Keqing
60%
Lance célère Bénédiction flamboyante O-yoroi écarlate Thomas
60%
Raisonnement abductif Universalité : Élaboration de forme Champ particulier : Liens de phénomène Alhaitham
50%
Invitation au supplice Pulvérisation totale Ascension lunatique Arlecchino
50%
Lame de tissage Caresse de plume Hiyoku : Lames jumelles Chiori
50%
Archerie de l'implorant Brosse florale Atout félin Collei
50%
Archerie de chasse Griffes Cryo Cuvée spéciale Diona
50%
Daemolance pocztowy Rite ancien : Lumière d'arcane Rituel ancien : Visite de la nuit Flins
50%
Déchirement stellaire Ascension bestiale Danse de félidé enflammé Gaming
50%
Archerie Liutian Trace de Qilin Baptême céleste Ganyu
50%
Touche d'éclair Arc fulminant Rose de foudre Lisa
50%
Géo-dispersion Paravent d'astrolabe Éclatement des étoiles Ningguang
50%
Battement flottant Hanega : Lyrisme des vents Kyougen : Gobandate en cinq actes Nomade
50%
Prémisse Transcendance : Présage funeste Art secret : Dogme d'idéal Shogun Raiden
50%
Taille du torrent Posture du démon : Marée déchaînée Ravage : Oblitération Tartaglia
50%
Vents de la discorde Vortex destructeur Rafale de vent Voyageur·se Anémo
50%
Lame de roche Épée d'étoile déchue Réveil de la terre Voyageur·se Géo
50%
Murmures floraux au vent Nuages blancs à l'aube Étoiles réunies au crépuscule Xianyun
50%
Cri d'Ehecatl Scratch de Yohual Rythme d'Ocelotlicue ! Xilonen
50%
Sceau embrasé Pacte des flammes Application des peines Yanfei
50%
Cœur pur, rêves purs Pèlerinage d'Aisa Utamakura Thérapie sourcière secrète d'Anraku Yumemizuki Mizuki
50%
Escrime de Favonius - Aristocratie Vortex des mers glacées Lame de fond Eula
40%
Ondes du destin Mirage aqueux Voie divine Mona
40%
Flèche de culpabilité Ailes de surveillance nocturne Incarnation de la nuit Fischl
38%
Tir parthe Royaume venteux de nasamjnin Sentier secret du vent Faruzan
33%
Pointe lestée Ruée fulminante Triple principe de la force Iansan
33%
Pérégrination de la linnunrata Runo : Repos sans aube de karsikko Runo : Cœurs devenant la lune battante Lauma
33%
Fendoir exotique Gerbe acérée Manifestation surgente Voyageur·se Dendro
33%
Crédo des ombres chasseuses Ronde de la nuitée Fin de la clarté Clorinde
25%
Lance d'invocation Rite : Traversée abyssale Liturgie : Rapidité lupine Cyno
25%
Rite des vents dissipateurs Prévention des maladies aériennes Champ de sédation composé Ifa
25%
Dépoussiéreur cyclonique Mode purificateur : Fréquence porteuse Commande suprême : Exterminateur cyclonique Ineffa
25%
Ravage : Scission Ravage : Distorsion Ravage : Ruine Skirk
25%
Flambée pyrotechnique Danse du feu « Niwabi » Saxifrage Ryuukin Yoimiya
25%
Faisan noir sur eau Danse plumée d'hirondelle-follet Lever lustré de lune Lan Yan
17%
Tir rapide Frozen Wilds Prophéties de l'aube Aloy
0%
Conquête des mers Invocation des marées Brisure d'orage Beidou
0%
Lance étincelante (Posture protectrice) Liturgie : Sanctuaire de la héronne Liturgie : Marée de la bergeronnette Candace
0%
Conduit de vol d'ombres Étoile d'aurore givrée Édit de splendeur liée Citlali
0%
Escrime de Favonius - Rituel Ordonnance immersive Psautier radieux Dahlia
0%
Assaut sablé Enfer en fusion Morsure léonine Dehya
0%
Tourbillon fluide Pressurisation des floes Embuscade du chassombre Freminet
0%
Passe d'armes Attaque givrée Valse glaciale Kaeya
0%
École Kamisato - Transition École Kamisato : Beauté réfléchie École Kamisato : Jardin d'eau Kamisato Ayato
0%
Rapière rapide Feinte sibylline Magie : Variation étonnante Lynette
0%
Cartomagie Lumières de fioriture Clou du spectacle : Parade prodigieuse Lyney
0%
Lance de Favonius - Carreau filant Tourbillon de givre étoilé Chant de plume céleste Mika
0%
Akara Omniscience des plans Cœur illusoire Nahida
0%
Flèche spirituellement habitée Cordon fermement crépusculaire Écho opaquement étouffé Ororon
0%
Escrime ancienne des nuages Arcane d'Adepte : Héraut de givre Arcane d'Adepte : Talisman sacré Qiqi
0%
Lance expiatoire Confession des péchés Sacrement mortel Rosalia
0%
Percée des étoiles Invocation d'esprit printanier Délivrance de la demoiselle divine Shenhe
0%
Par les cornes Sur l'arc-en-ciel nocturne Avènement protecteur ! Varesa
0%
Tonnerre venu d'ailleurs Lame d'éclair Tonnerre hurlant Voyageur·se Électro
0%
Débordement étranger Sabre d'ondulation Montée des eaux Voyageur·se Hydro
0%
Flammes d'ailleurs Fléau des flammes Prairie d'embrasement Voyageur·se Pyro
0%
Coup de tourbillon Cycle du vent lemniscatique Fléau du mal Xiao
0%
Lance virevoltante Amas céleste de raphanus Coucher de lune de jade Yaoyao
0%
Caresse des nuages Épanouissement ouvert Bannière de rupture des falaises Yun Jin
0%
Aucun quiz correspondant
Distribution des résultats
% des personnes avec chaque résultat
Percentile par nombre de réponses
Votre historique - résultats
Vous n’avez pas pris ce quiz depuis la dernière actualisation